00866nam a2200217Ia 4500003000900000008004100009040001300050040001300063041000800076100002200084245003400106250001100140260001800151260000900169300001200178490000600190600023300196942000700429999001700436952019500453IT-RoPAU120407s9999 xx 000 0 und d aIT-RoPAU cIT-RoPAU aita aEmile G Léonard aStoria del protestantesimo... aMilano aIl Saggiatore c1971 c21,5 cm v1 aTit. orig.: Histoire du protestantisme. : Vol. I. La riforma. Dalle origini al 1564. - Vol. II Il consolidamento. 1564-1700. - Vol. III, pt. I. Declino e rinascita. 1700-1900. - Vol. III, pt. II. Declino e rinascita. 1900-1950.  cBK c23928d23928 00102ddc406284_20000000000000071aPAULUSbPAULUSd2012-04-11l0o284.20r2012-04-11 00:00:00w2012-04-11yBKzInserito da: Jole In data: 30 luglio 2011 fondo: Via A.Severo 56 Progr:33556